| 000 | 00547cam a22001457a 4500 | ||
|---|---|---|---|
| 008 | 180718b1982 xxu||||| |||| 00| 0 eng d | ||
| 082 | _aAPPPA 81-82 SIN | ||
| 100 | _aSingh, Dhirendra | ||
| 245 |
_aAdult education and development with special reference to the strategy of the national adult education programme: a dissertation _cby Dhirendra Singh |
||
| 260 |
_aNew Delhi _bIndian Institute of Public Administration _c1982 |
||
| 300 | _a102p. | ||
| 650 | _aNational adult education programme | ||
| 650 | _aDevelopment | ||
| 650 | _aAdult education | ||
| 999 |
_c501302 _d501302 |
||